Financial management : (Record no. 1519)

MARC details
000 -LEADER
fixed length control field 00810cam a22002412 4500
001 - CONTROL NUMBER
control field 0000011861
005 - DATE AND TIME OF LATEST TRANSACTION
control field 20151021152555.0
008 - FIXED-LENGTH DATA ELEMENTS--GENERAL INFORMATION
fixed length control field 090114s xx 000 0 eng d
020 ## - INTERNATIONAL STANDARD BOOK NUMBER
International Standard Book Number 0324422696 :
040 ## - CATALOGING SOURCE
Original cataloging agency KABU
Transcribing agency KABU
050 #0 - LIBRARY OF CONGRESS CALL NUMBER
Classification number HG4026
Item number .B75 2008
100 1# - MAIN ENTRY--PERSONAL NAME
Personal name Brigham, Eugene F.
-- 0000152563
245 10 - TITLE STATEMENT
Title Financial management :
Remainder of title theory and practice /
Statement of responsibility, etc. Eugene F. Brigham, Michael C. Ehrhardt.
250 ## - EDITION STATEMENT
Edition statement 12th ed.
260 ## - PUBLICATION, DISTRIBUTION, ETC. (IMPRINT)
Place of publication, distribution, etc. London :
Name of publisher, distributor, etc. Thomson,
Date of publication, distribution, etc. 2008.
300 ## - PHYSICAL DESCRIPTION
Extent xxxi, 1071 p.
650 #0 - SUBJECT ADDED ENTRY--TOPICAL TERM
Topical term or geographic name as entry element Corporations
General subdivision Finance.
-- 0000007704
700 1# - ADDED ENTRY--PERSONAL NAME
Personal name Ehrhardt, Michael C.
-- 0000152567
852 1# - LOCATION
-- p12090 KES
852 1# - LOCATION
-- p12090 KES
908 ## - PUT COMMAND PARAMETER (RLIN)
Put command parameter 090114
950 ## - LOCAL HOLDINGS (RLIN)
-- 1
Holdings
Withdrawn status Lost status Source of classification or shelving scheme Not for loan Home library Current library Date acquired Total Checkouts Total Renewals Full call number Barcode Date last seen Date last checked out Copy number Price effective from Koha item type
    Library of Congress Classification   Kabarak, Main Campus Kabarak, Main Campus 21/10/2015 1   HG4026 .B75 2008 c. 2 20068 25/11/2022 12/11/2022 c.2 21/10/2015 General Collection
    Library of Congress Classification   Kabarak, Main Campus Kabarak, Main Campus 17/12/2015 2 1 HG4026 .B75 2008 c. 1 16110 07/11/2019 22/10/2019   17/12/2015 General Collection
    Library of Congress Classification   Kabarak, Nakuru City Campus Kabarak, Nakuru City Campus 21/10/2015 2 1 HG4026 .B75 2008 c. 1 20067 17/06/2019 17/06/2019 c.1 21/10/2015 General Collection
Designed with assistance from East African Informatics Ltd